Continuous martingales and Brownian motion /
Guardado en:
| Autor Principal: | |
|---|---|
| Otros Autores: | |
| Formato: | Libro |
| Idioma: | English |
| Publicado: |
Berlin ; New York :
Springer-Verlag,
c1991.
|
| Series: | Grundlehren der mathematischen Wissenschaften ;
293 |
| Materias: | |
| Etiquetas: |
Agregar Etiqueta
Sin Etiquetas, Sea el primero en etiquetar este registro!
|
| LEADER | 00881cam a2200253 a 4500 | ||
|---|---|---|---|
| 001 | MAT.inmabb006084 | ||
| 008 | 900420s1991####gw#a#####b####001#0#eng## | ||
| 005 | 20130311181623.0 | ||
| 245 | 1 | 0 | |a Continuous martingales and Brownian motion / |c Daniel Revuz, Marc Yor. |
| 260 | |a Berlin ; |a New York : |b Springer-Verlag, |c c1991. | ||
| 300 | |a ix, 533 p. : |b il. ; |c 25 cm. | ||
| 440 | 0 | |a Grundlehren der mathematischen Wissenschaften ; |v 293 | |
| 504 | |a Incluye referencias bibliográficas (p. [505]-526) e índices. | ||
| 510 | 4 | |a MR, |c 92d:60053 | |
| 020 | |a 3540521674 (Berlin) | ||
| 020 | |a 0387521674 (New York) | ||
| 100 | 1 | |a Revuz, D. | |
| 700 | 1 | |a Yor, Marc. | |
| 650 | 0 | |a Martingales (Mathematics) | |
| 650 | 0 | |a Brownian motion processes. | |
| 084 | |a 60G48 (60G44 60H05 60H10) |2 msc2000 | ||
| 010 | |a 90009812 | ||
| 040 | |a DLC |c DLC |d DLC | ||
| 859 | |h 60 |i R454 |p A-6822 |b BIB. MATEMATICA | ||
